FNAF 4 Animatronique - Statistiques

Statistiques générales
  • Ce quiz a été pris 53 fois
  • Le résultat moyen est 9 sur 12
Statistiques - réponses
Réponse % Correct
Nightmare
100%
Nightmare Chica
97%
Nightmare Foxy
97%
Nightmare Freddy
97%
Nightmare Bonnie
95%
Nightmare Fredbear
76%
Plushtrap
71%
Nightmare Balloon Boy
68%
Nightmare Mangle
66%
Jack-O-Chica
63%
Jack-O-Bonnie
55%
Nightmarionne
47%
Aucun quiz correspondant
Distribution des résultats
% des personnes avec chaque résultat
Percentile par nombre de réponses
Votre historique - résultats
Vous n’avez pas pris ce quiz